00947nam a2200241 a 450000500170000000800410001704000250005804100080008304400070009108200170009824501400011526000380025530000640029365000250035765000230038265000240040565000320042965000300046166200110049194200150050299900150051795201730053220180803165101.0140310b2002 bl ab |r|||| 00| 0 eng d aCO-BoIAVHcCO-BoIAVH aeng abl04a333.72bP64p00aPilot program to conserve the Brazilian rain forestsban innovative experience in International Cooperation for Sustainable Development a[Brasilia?] :bWorld Bank,c2002? a34 páginas :bilustraciones, mapas a color ;c30 x 22 cm. 6aPolítica ambiental 4aBosques tropicales 4aProgramas de manejo 4aProgramas de conservación 4aEvaluación de proyectos aBrasil cLIBRO2ddc c3298d3298 00102ddc40708GENERALIINV2017aBogotabBogotad2004-03-23eInstitutog15000.00l0oLB-333.72 P64pp015761r2012-12-04 00:00:00tEj. 1w2012-12-04xDonaciónyLIBRO